Săn đuổi : Tiểu thuyết trinh thám hình sự

Tallennettuna:
Bibliografiset tiedot
Päätekijä: Thomas, Gordon
Aineistotyyppi: Kirja
Kieli:Undetermined
Julkaistu: Hà Nội Văn hóa Thông tin 2005
Aiheet:
Tagit: Lisää tagi
Ei tageja, Lisää ensimmäinen tagi!
Thư viện lưu trữ: Trung tâm Học liệu Trường Đại học Cần Thơ
LEADER 00588nam a2200217Ia 4500
001 CTU_100746
008 210402s9999 xx 000 0 und d
020 |c 69000 
082 |a 823.9 
082 |b T454 
100 |a Thomas, Gordon 
245 0 |a Săn đuổi : 
245 0 |b Tiểu thuyết trinh thám hình sự 
245 0 |c Gordon Thomas 
260 |a Hà Nội 
260 |b Văn hóa Thông tin 
260 |c 2005 
650 |a English literature 
650 |y 20th century 
904 |i Tuyến 
980 |a Trung tâm Học liệu Trường Đại học Cần Thơ